000 00257nam a2200109Ia 4500
008 230907s9999||||xx |||||||||||||| ||und||
082 _a158.1
_bHAS
100 _aHasson, Gill,
_9116063
245 0 _aConfidence pocketbook :
300 _a109 p.
942 _cBK
999 _c600928
_d600928